000 00545nam a2200193 4500
001 111711
003 ES-MaACL
005 20230906185340.0
007 t|
008 061121s1962 sp r ||||1| spa d
100 1 _aNasio , Juan.
_9216951
245 1 0 _aTratado de gastroenterología /
_cpor Juan Nasio.
250 _a[1ª ed.].
260 _aBarcelona [etc.] :
_bSalvat,
_c1962.
300 _a4 v. :
_bil ;
_c26 cm.
500 _aEl 4º vol . corresponde a los indices.
852 _aES-MaACL
_jC-23343-6
_bR.51806
999 _c111711
_d111711